000 00374nam a2200157Ia 4500
003 OSt
005 20240219151043.0
008 170523s9999 xx 000 0 und d
020 _a978-8126117222
040 _ciimt university meerut
100 _aSUNDHARAN- KPM
245 0 _aMONEY BANKING- TRADE AND FINANCE
260 _bSULTAN CHAND
260 _c1996
942 _2ddc
_c02
999 _c500
_d500